[Event "Figueira da Foz op 17th"]
[Site "Figueira da Foz"]
[Date "2023.11.08"]
[Round "5"]
[White "Goncalves, Lucas Jordao"]
[Black "Davtyan, David"]
[Result "0-1"]
[WhiteElo "2018"]
[BlackElo "2362"]
[PlyCount "70"]
[EventDate "2023.11.05"]
[EventType "swiss"]
[EventRounds "9"]
[EventCountry "POR"]
[SourceTitle "CB46_2023"]
[SourceDate "2023.11.15"]
[SourceVersion "1"]
[SourceVersionDate "2023.11.15"]
[SourceQuality "1"]

1. e4 c5 2. Nf3 e6 3. d4 cxd4 4. Nxd4 Nf6 5. Nc3 Nc6 6. Bg5 Bb4 7. Nxc6 bxc6 8. Bd3 h6 9. Bd2 e5 10. 0-0 Bc5 11. Kh1 d5 12. f4 Ng4 13. Qe1 d4 14. Nd1 Bd6 15. b3 Qc7 16. h3 Nf6 17. Nb2 Nh5 18. Nc4 Be6 19. Nxd6+ Qxd6 20. f5 Bd7 21. Rf3 c5 22. Qh4 Nf6 23. Bg5 Rg8 24. Bxf6 Qxf6 25. Qxf6 gxf6 26. a4 a5 27. Kg1 Rb8 28. Kf2 Ke7 29. Rg1 Bc6 30. Re1 Rb4 31. Rg3 Rxg3 32. Kxg3 Rb6 33. Kf3 Bb7 34. Ke2 c4 35. bxc4 Kd6 0-1

[Event "Figueira da Foz op 17th"]
[Site "Figueira da Foz"]
[Date "2023.11.06"]
[Round "2"]
[White "Davtyan, David"]
[Black "Grigoryan, Karen H"]
[Result "1/2-1/2"]
[WhiteElo "2362"]
[BlackElo "2646"]
[PlyCount "41"]
[EventDate "2023.11.05"]
[EventType "swiss"]
[EventRounds "9"]
[EventCountry "POR"]
[SourceTitle "CB46_2023"]
[SourceDate "2023.11.15"]
[SourceVersion "1"]
[SourceVersionDate "2023.11.15"]
[SourceQuality "1"]

1. e4 c5 2. Nf3 d6 3. Bb5+ Nc6 4. 0-0 Bd7 5. Re1 Nf6 6. c3 a6 7. Bf1 Bg4 8. d4 cxd4 9. cxd4 Bxf3 10. gxf3 g6 11. Nc3 Bg7 12. d5 Nb8 13. f4 0-0 14. Bh3 Nbd7 15. Be3 b5 16. Qf3 Rc8 17. Rad1 Nh5 18. Bg4 Nhf6 19. Bh3 Nh5 20. Bg4 Nhf6 21. Bh3 1/2-1/2

[Event "Titled Tuesday intern op 05th Sep Early"]
[Site "Chess.com INT"]
[Date "2023.09.05"]
[Round "5"]
[White "Nihal, Sarin"]
[Black "Davtyan, David"]
[Result "1-0"]
[WhiteElo "2694"]
[BlackElo "2362"]
[PlyCount "105"]
[EventDate "2023.09.05"]
[EventType "swiss (blitz)"]
[EventRounds "11"]
[EventCountry "USA"]
[SourceTitle "EXT 2024"]
[Source "ChessBase"]
[SourceDate "2023.10.10"]
[SourceVersion "1"]
[SourceVersionDate "2023.10.10"]
[SourceQuality "1"]

1. Nf3 Nf6 2. b3 g6 3. Bb2 Bg7 4. e3 0-0 5. d4 d5 6. Be2 c5 7. dxc5 Qa5+ 8. Nbd2 Qxc5 9. 0-0 Nc6 10. c4 Rd8 11. Rc1 Bf5 12. a3 a5 13. Nd4 Nxd4 14. exd4 Qc7 15. c5 h5 16. h3 Ne4 17. Nf3 Bh6 18. Rc2 Bf4 19. Bd3 g5 20. Bc1 Bxc1 21. Qxc1 Qf4 22. Nxg5 Qxg5 23. Qxg5+ Nxg5 24. Bxf5 e6 25. Bd3 Ne4 26. Re1 Nf6 27. Re5 Kf8 28. Rce2 Ke7 29. R2e3 b6 30. b4 axb4 31. axb4 bxc5 32. dxc5 Ra1+ 33. Re1 Ra3 34. Bf1 d4 35. Rd1 d3 36. Re3 Rb8 37. Rexd3 Rxd3 38. Bxd3 Rxb4 39. Rc1 Nd5 40. Be2 h4 41. Bf3 Nc7 42. c6 Kd6 43. Rd1+ Nd5 44. c7 Rc4 45. Rd4 Rxc7 46. Rxh4 Rc1+ 47. Kh2 Ke7 48. Rd4 Nf6 49. g3 Rc8 50. Kg2 Nd7 51. Ra4 e5 52. Ra7 Rd8 53. Bg4 1-0

[Event "Mislata op 56th"]
[Site "Mislata"]
[Date "2023.08.19"]
[Round "8"]
[White "Salvador Buiza, Victor"]
[Black "Davtyan, David"]
[Result "0-1"]
[WhiteElo "2102"]
[BlackElo "2344"]
[PlyCount "66"]
[EventDate "2023.08.14"]
[EventType "swiss"]
[EventRounds "9"]
[EventCountry "ESP"]
[SourceTitle "CBM 215 Extra"]
[Source "ChessBase"]
[SourceDate "2023.09.30"]
[SourceVersion "1"]
[SourceVersionDate "2023.09.30"]
[SourceQuality "1"]

1. e4 e5 2. Nf3 Nc6 3. Bc4 Nf6 4. d3 Bc5 5. c3 0-0 6. 0-0 d5 7. exd5 Nxd5 8. Nbd2 Nb6 9. Bb5 Bd6 10. Re1 Bg4 11. h3 Bh5 12. Ne4 f6 13. Ng3 Bf7 14. d4 exd4 15. Bxc6 bxc6 16. Nxd4 Bxg3 17. fxg3 c5 18. Nc6 Qxd1 19. Rxd1 Rfe8 20. Kf2 a5 21. Bf4 Bd5 22. Nxa5 Rxa5 23. Bxc7 Rb5 24. Bxb6 Rxb2+ 25. Kg1 Bc6 26. Rab1 Rxg2+ 27. Kf1 Re5 28. g4 Rxa2 29. Re1 Be4 30. Rbd1 Rb2 31. Ba7 h5 32. gxh5 Rf5+ 33. Kg1 Rg5+ 0-1

[Event "Mislata op 56th"]
[Site "Mislata"]
[Date "2023.08.15"]
[Round "3"]
[White "Davtyan, David"]
[Black "Jordan Arenas, Manuel"]
[Result "1-0"]
[WhiteElo "2344"]
[BlackElo "2155"]
[PlyCount "69"]
[EventDate "2023.08.14"]
[EventType "swiss"]
[EventRounds "9"]
[EventCountry "ESP"]
[SourceTitle "CBM 215 Extra"]
[Source "ChessBase"]
[SourceDate "2023.09.30"]
[SourceVersion "1"]
[SourceVersionDate "2023.09.30"]
[SourceQuality "1"]

1. d4 Nf6 2. c4 e6 3. Nc3 Bb4 4. f3 c5 5. a3 Bxc3+ 6. bxc3 Nc6 7. e4 d6 8. Be3 b6 9. Bd3 Na5 10. f4 Ba6 11. Nf3 Nd7 12. Qe2 Qc7 13. d5 0-0-0 14. Ng5 Nf8 15. 0-0 h6 16. Nf3 Nd7 17. e5 Rhe8 18. Rad1 exd5 19. cxd5 Bxd3 20. Qxd3 Kb8 21. Bf2 Ka8 22. Bh4 Rc8 23. Rfe1 c4 24. Qh7 dxe5 25. d6 Qc5+ 26. Bf2 Qxa3 27. Nxe5 Qxc3 28. Nxd7 Rxe1+ 29. Rxe1 Qd3 30. Qxd3 cxd3 31. Rd1 Rd8 32. Nxb6+ Kb7 33. Na4 Rxd6 34. Nc5+ Kc6 35. Nxd3 1-0

[Event "Titled Tuesday intern op 23rd May Late"]
[Site "Chess.com INT"]
[Date "2023.05.23"]
[Round "2"]
[White "Davtyan, David"]
[Black "Sariego Figueredo, Wilfredo"]
[Result "0-1"]
[WhiteElo "2344"]
[BlackElo "2318"]
[PlyCount "118"]
[EventDate "2023.05.23"]
[EventType "swiss (blitz)"]
[EventRounds "11"]
[EventCountry "USA"]
[SourceTitle "EXT 2024"]
[Source "ChessBase"]
[SourceDate "2023.10.10"]
[SourceVersion "1"]
[SourceVersionDate "2023.10.10"]
[SourceQuality "1"]

1. e4 c5 2. Nc3 a6 3. g3 b5 4. Bg2 Bb7 5. d3 Nf6 6. Be3 e6 7. Qd2 Be7 8. Nge2 d5 9. exd5 exd5 10. d4 cxd4 11. Nxd4 0-0 12. 0-0 Nbd7 13. Rfe1 Bb4 14. Bg5 Qa5 15. Nb3 Bxc3 16. bxc3 Qc7 17. Rad1 Rfe8 18. Bf4 Qb6 19. Be3 Qc7 20. Bf4 Qc4 21. Na5 Rxe1+ 22. Rxe1 Qc8 23. Re7 Qd8 24. Qe3 Qxa5 25. Bd6 h6 26. Bh3 Qxa2 27. Bxd7 Qb1+ 28. Qe1 Qxe1+ 29. Rxe1 Nxd7 30. Re7 Bc6 31. Kf1 a5 32. Ke1 a4 33. Ba3 Nb6 34. Rc7 Rc8 35. Ra7 Nc4 36. Bb4 a3 37. Bxa3 Nxa3 38. Rxa3 Bd7 39. Kd2 Be6 40. Ra7 Rc5 41. Ra8+ Kh7 42. Rb8 Kg6 43. f3 Bf5 44. g4 Be6 45. h3 h5 46. Rg8 hxg4 47. hxg4 Kf6 48. Rb8 g5 49. Rb6 Ke5 50. Kd3 Kf4 51. Kd4 Rc4+ 52. Kd3 Kxf3 53. Rxb5 Rxg4 54. Rb8 Rf4 55. Rg8 g4 56. c4 g3 57. c5 g2 58. c6 Rg4 59. Rxg4 Kxg4 0-1

[Event "Titled Tuesday intern op 16th May Late"]
[Site "Chess.com INT"]
[Date "2023.05.16"]
[Round "3"]
[White "Keleberda, Timur"]
[Black "Davtyan, David"]
[Result "1-0"]
[WhiteElo "2287"]
[BlackElo "2344"]
[PlyCount "113"]
[EventDate "2023.05.16"]
[EventType "swiss (blitz)"]
[EventRounds "11"]
[EventCountry "USA"]
[SourceTitle "CBM 214 Extra"]
[Source "ChessBase"]
[SourceDate "2023.07.31"]
[SourceVersion "1"]
[SourceVersionDate "2023.07.31"]
[SourceQuality "1"]

1. e4 e5 2. Nf3 Nf6 3. Nxe5 d6 4. Nf3 Nxe4 5. Nc3 Nxc3 6. dxc3 Be7 7. Be3 Nc6 8. Qd2 Be6 9. 0-0-0 Qd7 10. Kb1 a5 11. Nd4 Nxd4 12. cxd4 c6 13. h4 a4 14. a3 b5 15. h5 Bd5 16. h6 g6 17. Bg5 0-0 18. Re1 Bxg5 19. Qxg5 f6 20. Qg3 Rae8 21. Bd3 f5 22. f3 Rxe1+ 23. Rxe1 Re8 24. Qh4 Rxe1+ 25. Qxe1 Kf7 26. Qe3 Qe6 27. Qxe6+ Kxe6 28. Kc1 Kf6 29. Kd2 Kg5 30. Kc3 Kxh6 31. Kb4 Kg5 32. c4 bxc4 33. Bxc4 Bxc4 34. Kxc4 h5 35. b3 d5+ 36. Kc3 axb3 37. Kxb3 Kf4 38. a4 Kg3 39. a5 Kxg2 40. a6 h4 41. a7 h3 42. a8Q h2 43. Qa2+ Kg3 44. Qb1 Kxf3 45. Qf1+ Kg3 46. Kc3 f4 47. Kd3 g5 48. Ke2 g4 49. Qh1 f3+ 50. Ke3 Kh3 51. Kf2 c5 52. dxc5 d4 53. c6 d3 54. c7 d2 55. c8Q d1N+ 56. Qxd1 Kh4 57. Qh8+ 1-0

[Event "Titled Tuesday intern op 02nd May Early"]
[Site "Chess.com INT"]
[Date "2023.05.02"]
[Round "7"]
[White "Nagare, Kaivalya Sandip"]
[Black "Davtyan, David"]
[Result "0-1"]
[WhiteElo "2085"]
[BlackElo "2344"]
[PlyCount "66"]
[EventDate "2023.05.02"]
[EventType "swiss (blitz)"]
[EventRounds "11"]
[EventCountry "USA"]
[SourceTitle "EXT 2024"]
[Source "ChessBase"]
[SourceDate "2023.10.10"]
[SourceVersion "1"]
[SourceVersionDate "2023.10.10"]
[SourceQuality "1"]

1. e4 c5 2. Nf3 e6 3. d4 cxd4 4. Nxd4 Nf6 5. Nc3 d6 6. Be2 Be7 7. 0-0 Nc6 8. Be3 0-0 9. a4 Nxd4 10. Bxd4 e5 11. Be3 Be6 12. a5 d5 13. exd5 Nxd5 14. Nxd5 Bxd5 15. a6 b6 16. c4 Be4 17. Qa4 Qc7 18. b4 Rac8 19. Rfd1 Rfd8 20. c5 bxc5 21. bxc5 Bc6 22. Qc4 Rxd1+ 23. Rxd1 Rd8 24. Rxd8+ Qxd8 25. Bf3 e4 26. Be2 h6 27. h3 Qa5 28. Bh5 Qa1+ 29. Kh2 Qe5+ 30. g3 Qxh5 31. Qd4 Qd5 32. Qb2 Bxc5 33. Qb8+ Kh7 0-1

[Event "Titled Tuesday intern op 03rd Jan Late"]
[Site "Chess.com INT"]
[Date "2023.01.03"]
[Round "3"]
[White "Davtyan, David"]
[Black "Ozer, Omer Faruk"]
[Result "0-1"]
[WhiteElo "2359"]
[BlackElo "2360"]
[PlyCount "70"]
[EventDate "2023.01.03"]
[EventType "swiss (blitz)"]
[EventRounds "11"]
[EventCountry "USA"]
[SourceTitle "EXT 2024"]
[Source "ChessBase"]
[SourceDate "2023.10.10"]
[SourceVersion "1"]
[SourceVersionDate "2023.10.10"]
[SourceQuality "1"]

1. d4 Nf6 2. Nf3 b6 3. Bf4 Bb7 4. e3 g6 5. Nbd2 Bg7 6. Bd3 0-0 7. h3 c5 8. c3 d6 9. 0-0 Nbd7 10. Bh2 a6 11. Re1 b5 12. Rc1 Rc8 13. Bb1 Re8 14. e4 e5 15. d5 c4 16. g4 Nc5 17. Nf1 Qb6 18. Kg2 a5 19. Nh4 b4 20. f3 Ba6 21. Bg1 Qd8 22. Kg3 Bh6 23. Ng2 Bxc1 24. Qxc1 Nd3 25. Bxd3 cxd3 26. Qd2 bxc3 27. bxc3 Qc7 28. Rc1 Bc4 29. Nfe3 Rb8 30. Nxc4 Qxc4 31. Ne3 Qxe4 32. fxe4 Nxe4+ 33. Kh4 Nxd2 34. Rd1 Nf3+ 35. Kg3 e4 0-1

[Event "Titled Tuesday intern op 03rd Jan Late"]
[Site "Chess.com INT"]
[Date "2023.01.03"]
[Round "2"]
[White "Vargas Pereda, Jesus Manuel"]
[Black "Davtyan, David"]
[Result "0-1"]
[WhiteElo "1851"]
[BlackElo "2359"]
[PlyCount "56"]
[EventDate "2023.01.03"]
[EventType "swiss (blitz)"]
[EventRounds "11"]
[EventCountry "USA"]
[SourceTitle "EXT 2024"]
[Source "ChessBase"]
[SourceDate "2023.10.10"]
[SourceVersion "1"]
[SourceVersionDate "2023.10.10"]
[SourceQuality "1"]

1. d4 d5 2. Nf3 Nf6 3. Bf4 c5 4. e3 Nc6 5. Bd3 c4 6. Be2 Bf5 7. c3 e6 8. b3 b5 9. a4 a6 10. Nbd2 b4 11. bxc4 bxc3 12. Nb3 c2 13. Qc1 Bb4+ 14. Nfd2 dxc4 15. Bxc4 Na5 16. 0-0 Nxc4 17. Nxc4 Bd3 18. Ne5 Bxf1 19. Qxf1 Qd5 20. Qd3 Rc8 21. Rc1 Qe4 22. Qxa6 0-0 23. f3 Qd5 24. Qd3 Rc3 25. Qb5 Qxb3 26. Bg5 Bd6 27. Bxf6 Qxb5 28. axb5 gxf6 0-1

[Event "Benidorm Bali op-A"]
[Site "Benidorm"]
[Date "2022.12.10"]
[Round "9"]
[White "Aditya, Varun Gampa"]
[Black "Davtyan, David"]
[Result "1/2-1/2"]
[WhiteElo "2249"]
[BlackElo "2329"]
[PlyCount "43"]
[EventDate "2022.12.03"]
[EventType "swiss"]
[EventRounds "9"]
[EventCountry "ESP"]
[SourceTitle "CBM 211 Extra"]
[Source "ChessBase"]
[SourceDate "2023.01.31"]
[SourceVersion "1"]
[SourceVersionDate "2023.01.31"]
[SourceQuality "1"]

1. e4 e6 2. d4 d5 3. Bd3 dxe4 4. Bxe4 Nf6 5. Bf3 c5 6. Ne2 Nc6 7. Be3 cxd4 8. Nxd4 Ne5 9. Nc3 a6 10. Qe2 Nxf3+ 11. gxf3 Nd5 12. Nxd5 Qxd5 13. 0-0-0 Bd7 14. Kb1 Be7 15. Nb3 Bb5 16. Qe1 Qxf3 17. Rg1 g6 18. Bd4 Bf6 19. Bc5 Qf5 20. Qb4 Rc8 21. a4 b6 22. axb5 1/2-1/2

[Event "Benidorm Bali op-A"]
[Site "Benidorm"]
[Date "2022.12.06"]
[Round "4"]
[White "Schaffert, Walter"]
[Black "Davtyan, David"]
[Result "0-1"]
[WhiteElo "2037"]
[BlackElo "2329"]
[PlyCount "82"]
[EventDate "2022.12.03"]
[EventType "swiss"]
[EventRounds "9"]
[EventCountry "ESP"]
[SourceTitle "CBM 211 Extra"]
[Source "ChessBase"]
[SourceDate "2023.01.31"]
[SourceVersion "1"]
[SourceVersionDate "2023.01.31"]
[SourceQuality "1"]

1. e4 c6 2. Be2 d5 3. d3 e5 4. f4 dxe4 5. dxe4 Qxd1+ 6. Bxd1 exf4 7. Bxf4 Ne7 8. Nf3 Ng6 9. Be3 Nd7 10. Nbd2 Bc5 11. Bxc5 Nxc5 12. 0-0 Be6 13. b4 Nd7 14. Ng5 Nde5 15. Nxe6 fxe6 16. Be2 Ke7 17. Nb3 Nd7 18. a4 Nge5 19. a5 Rhd8 20. a6 b6 21. h3 Rf8 22. g3 Rxf1+ 23. Rxf1 g5 24. Kg2 Nf6 25. Re1 Rd8 26. Bf1 h5 27. Be2 h4 28. g4 Ng6 29. Bf1 Nf4+ 30. Kf3 Nd7 31. Ke3 Ne5 32. Rb1 Rf8 33. Nd4 Kd6 34. Rd1 Kc7 35. Rb1 b5 36. Ra1 Kb6 37. Ra3 Nxh3 38. Ke2 Ng1+ 39. Ke1 Ngf3+ 40. Nxf3 Nxf3+ 41. Kd1 Ne5 0-1

[Event "Benidorm Bali op-A"]
[Site "Benidorm"]
[Date "2022.12.05"]
[Round "3"]
[White "Davtyan, David"]
[Black "Gomez Sanjuan, Hector Fernando"]
[Result "1-0"]
[WhiteElo "2329"]
[BlackElo "2098"]
[PlyCount "65"]
[EventDate "2022.12.03"]
[EventType "swiss"]
[EventRounds "9"]
[EventCountry "ESP"]
[SourceTitle "CBM 211 Extra"]
[Source "ChessBase"]
[SourceDate "2023.01.31"]
[SourceVersion "1"]
[SourceVersionDate "2023.01.31"]
[SourceQuality "1"]

1. d4 Nf6 2. Nf3 d5 3. c4 e6 4. Nc3 Bb4 5. Qa4+ Nc6 6. Bg5 Bd7 7. Qc2 0-0 8. e3 dxc4 9. Bxc4 Bd6 10. 0-0 a6 11. a3 e5 12. Ne4 Be7 13. dxe5 Nxe4 14. Bxe7 Qxe7 15. Qxe4 Rad8 16. Rac1 g6 17. Qf4 Rfe8 18. Bd5 Be6 19. Bxc6 bxc6 20. Ng5 Bd5 21. e4 Ba2 22. Qh4 h5 23. f4 Rd2 24. Rf2 Red8 25. g4 Rd1+ 26. Rxd1 Rxd1+ 27. Kg2 Bb1 28. Qh3 Qc5 29. Qb3 Bxe4+ 30. Nxe4 Qc1 31. Ng5 Rg1+ 32. Kh3 hxg4+ 33. Kh4 1-0

[Event "Santiago de Compostela Bicapawn GP B4"]
[Site "Santiago de Compostela"]
[Date "2022.10.21"]
[Round "6"]
[White "Davtyan, David"]
[Black "Strikovic, Aleksa"]
[Result "0-1"]
[WhiteElo "2332"]
[BlackElo "2484"]
[PlyCount "78"]
[EventDate "2022.10.21"]
[EventType "swiss (blitz)"]
[EventRounds "9"]
[EventCountry "ESP"]
[SourceTitle "CBM 210 Extra"]
[Source "ChessBase"]
[SourceDate "2022.11.30"]
[SourceVersion "1"]
[SourceVersionDate "2022.11.30"]
[SourceQuality "1"]

1. Nc3 d6 2. e4 e5 3. Nf3 Nf6 4. Bc4 Be7 5. 0-0 0-0 6. d3 c6 7. Bb3 Nbd7 8. a3 Nc5 9. Ba2 a5 10. h3 Be6 11. Be3 Bxa2 12. Rxa2 Ne6 13. Ne2 Re8 14. Ng3 g6 15. c3 Bf8 16. Qd2 Qc7 17. Ng5 Qe7 18. Raa1 d5 19. Nxe6 Qxe6 20. f3 a4 21. Qf2 Bg7 22. Rae1 Qd7 23. Kh2 b5 24. Rd1 Rad8 25. f4 dxe4 26. fxe5 Nd5 27. dxe4 Nxe3 28. Qxe3 Qxd1 29. Rxd1 Rxd1 30. Qc5 Re6 31. c4 bxc4 32. Ne2 Bxe5+ 33. g3 Rd2 34. Qxc4 Bd4 35. Kg2 Rxe4 36. Kf3 Rdxe2 37. Qxc6 Re6 38. Qxa4 Rf2+ 39. Kg4 Re4+ 0-1

[Event "Santiago de Compostela Bicapawn GP B4"]
[Site "Santiago de Compostela"]
[Date "2022.10.21"]
[Round "9"]
[White "Sargissian, Gabriel"]
[Black "Davtyan, David"]
[Result "1-0"]
[WhiteElo "2711"]
[BlackElo "2332"]
[PlyCount "69"]
[EventDate "2022.10.21"]
[EventType "swiss (blitz)"]
[EventRounds "9"]
[EventCountry "ESP"]
[SourceTitle "CBM 210 Extra"]
[Source "ChessBase"]
[SourceDate "2022.11.30"]
[SourceVersion "1"]
[SourceVersionDate "2022.11.30"]
[SourceQuality "1"]

1. d4 Nf6 2. Nf3 d5 3. c4 e6 4. Nc3 c5 5. e3 a6 6. a3 cxd4 7. exd4 Be7 8. c5 0-0 9. Bd3 Nc6 10. 0-0 Nd7 11. b4 Bf6 12. Bc2 g6 13. Bh6 Re8 14. Qd2 Ne7 15. Rfe1 Nf5 16. Bxf5 gxf5 17. Bg5 Bxg5 18. Nxg5 Nf6 19. Qf4 h6 20. Nf3 Kh7 21. Ne5 Qe7 22. Na4 Rg8 23. Nb6 Rb8 24. Qh4 Rg5 25. Re3 Nh5 26. Nf3 f4 27. Nxg5+ Qxg5 28. Qxg5 hxg5 29. Rh3 Kg6 30. Re1 f6 31. g4 fxg3 32. hxg3 e5 33. Nxc8 Rxc8 34. dxe5 Re8 35. e6 1-0

[Event "Santiago de Compostela Bicapawn GP B3"]
[Site "Santiago de Compostela"]
[Date "2022.10.20"]
[Round "6"]
[White "Munoz Pantoja, Miguel Angel"]
[Black "Davtyan, David"]
[Result "1-0"]
[WhiteElo "2367"]
[BlackElo "2332"]
[PlyCount "113"]
[EventDate "2022.10.20"]
[EventType "swiss (blitz)"]
[EventRounds "9"]
[EventCountry "ESP"]
[SourceTitle "CBM 210 Extra"]
[Source "ChessBase"]
[SourceDate "2022.11.30"]
[SourceVersion "1"]
[SourceVersionDate "2022.11.30"]
[SourceQuality "1"]

1. e4 c5 2. g3 d5 3. exd5 Qxd5 4. Nf3 Bg4 5. Be2 Nc6 6. h3 Bh5 7. Nc3 Qd7 8. g4 Bg6 9. Bb5 f6 10. d4 cxd4 11. Nxd4 e5 12. Nxc6 bxc6 13. Ba4 Qxd1+ 14. Kxd1 0-0-0+ 15. Ke2 Bc5 16. Bxc6 Bxc2 17. Be4 Bxe4 18. Nxe4 Bb6 19. Be3 Ne7 20. a4 Bxe3 21. fxe3 h5 22. g5 f5 23. Rhc1+ Kb8 24. Nc5 Nd5 25. b4 h4 26. Rc4 f4 27. e4 Nb6 28. Rc2 Rd4 29. Rac1 Rhd8 30. a5 Nd7 31. Na6+ Kb7 32. b5 Rxe4+ 33. Kf3 Re3+ 34. Kg4 Rg3+ 35. Kf5 g6+ 36. Ke6 Rd3 37. Ke7 Nb8 38. Nc5+ Ka8 39. Nxd3 Rxd3 40. Rc7 Rb3 41. b6 axb6 42. axb6 Rxb6 43. Ra1+ Na6 44. Rc5 e4 45. Rc4 e3 46. Rxf4 Kb7 47. Rf6 Nc5 48. Rxb6+ Kxb6 49. Re1 Ne4 50. Rxe3 Nxg5 51. Kf6 Nh7+ 52. Kxg6 Nf8+ 53. Kg5 Kc5 54. Kxh4 Kd4 55. Re8 Nd7 56. Kg5 Ne5 57. Rxe5 1-0